01179nam a2200313Ia 4500001001200000003000800012006001900020007001500039008004100054010001700095015001500112020001500127020001500142040002100157035002100178050002400199082001700223100002000240245009900260260004700359300001400406504006600420533015200486650002500638650003000663655002900693710001700722856012600739ebr10135537CaPaEBRm u cr cn|||||||||030108s2003 nyu sb 001 0 eng d z 2003041312 aGBA3-X3769 z1403981655 z1403962413 aCaPaEBRcCaPaEBR a(OCoLC)56053631314aPN212b.P862 2003eb04a808/.0012211 aPunday, Daniel.10aNarrative bodiesh[electronic resource] :btoward a corporeal narratology /cby Daniel Punday. aNew York, NY :bPalgrave Macmillan,c2003. ax, 234 p. aIncludes bibliographical references (p. [191]-223) and index. aElectronic reproduction.bPalo Alto, Calif. :cebrary,d2009.nAvailable via World Wide Web.nAccess may be limited to ebrary affiliated libraries. 0aNarration (Rhetoric) 0aHuman body in literature. 7aElectronic books.2local2 aebrary, Inc.40uhttp://site.ebrary.com/lib/rucke/Doc?id=10135537zAn electronic book accessible through the World Wide Web; click to view